000 00710nam a2200229 a 4500
001 24863
003 CO-ViMGA
008 141112s2004 ck r 000 u spa d
020 _a9789701513897
040 _aCO-ViMGA
_bspa
_cCO-ViMGA
082 0 4 _a025.04 G88i
100 1 _aGutiérrez, Fernando
_948
245 1 0 _aInternet como herramienta para la investigación :
_btodos los temas de su interés a la distancia de un click /
_cFernando Gutiérrez.
250 _a1a. ed.
260 _aMéxico :
_bAlfaomega,
_c2008.
300 _a161 p. ; 22 cm.
490 _aCiudadan@ de internet ; no. 1389
598 _aNEW - GRAL
650 1 4 _aInternet - Guías
_937168
917 _a6434 20080925
942 _2ddc
_cBK
999 _c2185
_d2185